000
00262nam a22001097a 4500
008
170123b xxu||||| |||| 00| 0 eng d
020
_a
9780071489942
041
_a
eng
080
_a
618.2
245
_a
NURSING SPECTRUM DRUG HANDBOOK
_c
SCHULL, P.S
942
_2
udc
_c
BK
999
_c
3365
_d
3365